00728nam a2200205Ia 4500001002200000003000900022008004100031040002300072041001300095100002400108245010600132250001500238260003000253300001900283490003000302501012400332520003100456700002100487700001400508851-PET fr ca (17160)IT-MiSPE171229s9999||||xx |||||||||||||| ||und|| aIT-MiSPEcIT-MiSPE aITALIANO aFrancesco Petrarca  0aCanzonierebCommento di Giacomo Leopardi; Con il "Saggio sopra la poesia del Petrarca" di Ugo Foscolo a1a ed. (v) aMilanobFeltrinellic1979 a334 p. c18 cm aUniversale economicav845 aEdizioni San Paolo srl - Piazza Soncino, 5 - 20092 CINISELLO BALSAMO (MI) (non commercial uses only) ® Copyright 2018 aAltri autori: Ugo Foscolo  aGiacomo Leopardi aUgo Dotti